000 00648nam a2200205Ia 4500
005 20250508154538.0
008 008 250505s9999 xx 000 0 eng d
037 _aTextual
040 _aFEDL
_beng
_cFEDL
041 _aeng
_2eng
084 _a155.4, WAL
_qFEDL
100 _aKogan Nathan
_984895
245 0 _aModes of thinking in young children : A study of the creativity - intelligence distinction
260 _aNew York, USA
_bHolt, Rinehart and Winston
_c1965
300 _aviii,357p.
650 _aChild Psychology
700 _a Wallach Michael A.
_9765615
942 _cTEXL
_h155.4, WAL
999 _c1350839
_d1350839